Die gonorrhoe des weibes (Record no. 65134)
[ view plain ]
| 000 -LEADER | |
|---|---|
| campo de control de longitud fija | 00422nam a2200145 i 4500 |
| 001 - NÚMERO DE CONTROL | |
| campo de control | 65134 |
| 003 - IDENTIFICADOR DE NÚMERO DE CONTROL | |
| campo de control | ES-MaACL |
| 007 - CAMPO FIJO DE DESCRIPCIÓN FÍSICA--INFORMACIÓN GENERAL | |
| campo de control de longitud fija | t| |
| 008 - DATOS DE LONGITUD FIJA--INFORMACIÓN GENERAL | |
| campo de control de longitud fija | 040109s1927 au ||||1| ger d |
| 100 1# - ENTRADA PRINCIPAL--NOMBRE DE PERSONA | |
| Nombre de persona | Franz, R. |
| 9 (RLIN) | 52359 |
| 245 14 - MENCIÓN DEL TÍTULO | |
| Título | Die gonorrhoe des weibes |
| Resto del título | : ein lehrbuch für arzte und studierender / |
| Mención de responsabilidad, etc. | von R. Franz. |
| 260 ## - PUBLICACIÓN, DISTRIBUCIÓN, ETC. | |
| Lugar de publicación, distribución, etc. | Wien : |
| Nombre del editor, distribuidor, etc. | Julius Springer, |
| Fecha de publicación, distribución, etc. | 1927. |
| 300 ## - DESCRIPCIÓN FÍSICA | |
| Extensión | VIII, 194 p. ; |
| Dimensiones | 24 cm. |
| 852 ## - LOCALIZACIÓN | |
| Ubicación | ES-MaACL |
| Número de control de estantería | B-6170 |
| Estatus retirado | Estado de pérdida | Estado de daño | No para préstamo | Biblioteca de origen | Biblioteca actual | Ubicación en estantería | Fecha de adquisición | Fuente de adquisición | Total de préstamos | Signatura topográfica completa | Código de barras | Visto por última vez | Precio de reemplazo | Tipo de ítem Koha |
|---|---|---|---|---|---|---|---|---|---|---|---|---|---|---|
| Biblioteca del Ateneo de Madrid | Biblioteca del Ateneo de Madrid | Sala Pardo Bazán | 17/01/2008 | B-6170 | 1068243 | 23/02/2023 | 23/02/2023 | Libro impreso |
